[Event "Dubai op 6th"]
[Site "Dubai"]
[Date "2004.04.25"]
[Round "7"]
[White "Sasikiran, Krishnan"]
[Black "Minasian, Artashes"]
[Result "1/2-1/2"]
[WhiteElo "2659"]
[BlackElo "2585"]
[Annotator "Hazai,L"]
[PlyCount "97"]
[EventDate "2004.04.19"]
[EventType "swiss"]
[EventRounds "9"]
[EventCountry "UAE"]
[SourceTitle "CBM 101"]
[Source "ChessBase"]
[SourceDate "2004.07.27"]
[SourceVersion "1"]
[SourceVersionDate "2004.07.27"]
[SourceQuality "1"]

1. d4 g6 2. Nf3 Bg7 3. c3 Nf6 4. Bg5 b6 5. Nbd2 Bb7 6. e3 d6 7. a4 a6 8. Bd3
O-O 9. O-O Nbd7 {Compare to the Reti Opening 1.Nf3 Nf6 2.g3 d5 3.Bg2 c6 4.b3
Bg4 5.Bb2 e6 6.0-0 Nbd7 7.d3 a5 8.a3 Bd6 9.Nbd2 0-0 with reversed colours
where White has an extra tempo!} 10. e4 (10. Re1 e5 11. e4 Qe7 {1/2-1/2
Hug-Vogt, Winterthur 1996} (11... h6 12. Bh4 {- 10.e4})) 10... h6 {It is
important to drive back the B to h4.} 11. Bh4 (11. Be3 $6 Ng4) 11... e5 12. Re1
(12. d5 {wants to close the [+], but after} c6 {Black immediately attacks it.})
12... Re8 (12... Qe8 $1 {looks more to the point, the Q leaves the nasty pin
and Nh5 will come.} 13. Qc2 $5 {overprotecting the vital e4 square looks
reasonable.} (13. Nc4 $2 {forgets about >< e4.} exd4 14. cxd4 Nxe4 15. Bxe4
Bxe4 16. Nfd2 d5 $17) (13. dxe5 {is typical, but a bit early.} dxe5 14. b4 Nh5
{/\ Nf4, f5 with a counterplay on the >>.} 15. Nc4 Nf4 16. Bf1 f5 17. Nfd2 Nh5
18. f3 {1/2-1/2 S.Kovacevic-Kulaots, Benasque 1999})) 13. Qc2 c6 {This weakens
>< d6 and closes the /^ of the B. Black wants to play Qc7, where at least the
Q is safe.} (13... Qe7 {/\ Qf8 creates less weaknesses.} 14. b4 Qf8 15. a5 (15.
dxe5 Nxe5 16. Nxe5 Rxe5 $11 {Now Black is not forced to take back with the P.})
(15. Bf1 Nh5 16. dxe5 Nxe5 17. Nxe5 Bxe5 $11) 15... b5 16. c4 bxc4 17. Qxc4 {
looks critical.}) 14. dxe5 dxe5 15. b4 {White`s chances are on the <<.} Qc7 16.
Bf1 {The B is safe here not disturbing the harmony of the other pieces.} a5 {
Black cannot sit and wait forever.} 17. Qb3 (17. Nc4 axb4 18. cxb4 $14 {
is a favourable change of P structure for White.}) 17... Ba6 18. bxa5 (18. Bxa6
Rxa6 19. b5 {White wants to gain control over the weakened light squares, but
gives up >< c5.} Nc5 20. Qc4 Raa8 21. Bxf6 Bxf6 $13 {and the white N is far
away from the desired d5 square.}) 18... bxa5 19. Bxa6 Rxa6 20. Bxf6 Bxf6 21.
Qc2 Raa8 22. Nc4 $14 {White`s N is ideally posted on c4 attacking >< a5 and e5.
The black B is "theoretically" the bad one, but it can be activated on the
g1-a7 /^.} Nc5 {The black N is also excellent on c5 attacking >< a4 and e4. If
White can exchange his f3 N for it then he can claim a small but durable
advantage.} 23. g3 {Now it is time for the slow manoeuvring play.} Red8 24.
Rad1 Kg7 25. Kg2 Rab8 26. Rxd8 {It is advisable to exchange one pair of rooks,
but not more than that.} Rxd8 27. Re2 $6 (27. Rb1 $14 {occupying the b <->
looked more active.}) 27... h5 28. Rd2 $6 {After the exchange of the remaining
rooks White`s advantage is microscopical.} (28. h4 {against h5-h4 was required.
}) 28... Rxd2 29. Nfxd2 h4 $11 30. Nf3 hxg3 31. hxg3 Kg8 32. Nh2 Bg7 33. Nf3
Bf6 34. Nfd2 Bg5 35. Nb3 Nxa4 36. Nbxa5 Nc5 37. Nb3 Be7 (37... Ne6) 38. Nxc5
Bxc5 39. Qa4 Kg7 {The _|_ is completely playable for Black.} 40. Qa5 (40. Na5
$2 Qa7 $1) 40... Qe7 41. Nd2 Ba7 42. Nf3 Bc5 43. Kf1 Bd6 44. Qa6 Qd7 45. Kg2
Bc7 46. Qb7 Qd6 47. Nh2 Ba5 48. c4 Qc5 49. Qb3 1/2-1/2

[Event "FIDE-Wch k.o."]
[Site "New Delhi/Teheran"]
[Date "2000.11.29"]
[Round "1.5"]
[White "Villamayor, Buenaventura"]
[Black "Minasian, Artashes"]
[Result "0-1"]
[WhiteElo "2495"]
[BlackElo "2595"]
[Annotator "Hazai,L"]
[PlyCount "120"]
[EventDate "2000.11.27"]
[EventType "k.o."]
[EventRounds "7"]
[EventCountry "IND"]
[SourceTitle "CBM 081"]
[Source "ChessBase"]
[SourceDate "2001.03.20"]
[SourceVersion "1"]
[SourceVersionDate "2001.03.20"]
[SourceQuality "1"]

1. d4 Nf6 2. Nf3 g6 3. Bg5 Bg7 4. Nbd2 c5 {Black immediately wants to attack
White's [+].} (4... O-O {is the other alternative.}) (4... d5 {D03}) 5. c3 {
This allows Black to simplify things.} (5. Bxf6 Bxf6 6. Ne4 {is a quick
assault, but Black can hold his own.}) (5. e3 {is the main line.}) 5... cxd4 {
Now White cannot take back with the e P.} (5... O-O 6. Bxf6 (6. e3 d6 {leads
to the main lines of this variation.}) 6... Bxf6 (6... exf6 $143 {seems to be
too risky.} 7. dxc5 f5 8. e3 f4 {Black is too generous sacrificing all the
pawns.} 9. exf4 b6 10. Be2 $143 {is too modest.} (10. cxb6 Re8+ 11. Be2 Ba6 {
is not that frightening, for example:} 12. Ne5 $18 ({or} 12. b7 $18)) 10...
bxc5 11. O-O d5 $44 {with a strong [+], and ^^, Trifunovic-Spassky, Varna ol
1962.}) 7. Ne4 Qb6 8. Nxf6+ exf6 {Black's P structure is slightly corrupted,
but he has some pressure on the e <->.} 9. Qd2 d6 10. e3 Nd7 (10... f5 $5) 11.
g4 {against f5} (11. Bd3 f5 12. O-O-O Nf6 {>< e4}) 11... Re8 12. Be2 Nf8 13.
Rg1 Ne6 $13 {Ostrovsky-Nezhmetdinov, SU 1963}) (5... d5 6. e3 Nc6 7. Bd3 {D03})
6. cxd4 Nc6 (6... O-O 7. e3 (7. e4 {is strongly met by} d5 $1 8. e5 Ne4 $13)
7... Nc6 {- 6...Nc6} (7... d6 8. Be2 (8. Bd3 Nc6 {- 6...Nc6}) 8... Nc6 {
- 6...Nc6})) (6... d5 7. e3 Nc6 8. Bd3 {D03}) 7. e3 O-O 8. Be2 (8. Bc4 $143 {
is a provocation, but after} d5 {Black has won an important tempo comparing to
D03.} 9. Be2 Bf5 10. O-O Qb6 $132 {Nickl-Loginov, Graz 1998}) (8. a3 {-
Speelman-Plaskett, Hastings 1998 CBM 69}) (8. Bd3 d6 9. O-O h6 $5 (9... Bg4 10.
h3 Bxf3 11. Nxf3 Qb6 12. Qe2 Rfc8 13. Rac1 e5 14. dxe5 dxe5 15. Bxf6 {giving
up the ^^ leads to a drawish position because of the ^-.} (15. e4 {gives up
the vital >< d4 square.} Nd7 $132) 15... Bxf6 16. Be4 Ne7 $11 {Manor-Shirov,
Tunja 1989}) (9... Bd7 10. Rc1 h6 (10... Nb4 11. Bb1 Bb5 {looks very active at
first sight, but Black has to retreat soon.} 12. Re1 Nd3 13. Bxd3 Bxd3 14. Qb3
Ba6 15. e4 $14) 11. Bxf6 (11. Bh4 $5 g5 12. Bg3 Nh5) 11... Bxf6 12. Qb3 Rb8 13.
d5 (13. Bxg6 $2 Na5) 13... Ne5 14. Nxe5 Bxe5 15. f4 Bg7 16. f5 {giving up all
the squares for a questionable ->.} Qa5 17. Nb1 g5 $132 {with a magnificent
fianchettoed B, Grants-Tal, Riga 1965.}) 10. Bh4 g5 11. Bg3 Nh5 $132 {wins the
^^, but certainly weakens the light squares at the same time.}) 8... d6 (8...
d5 $6 {is another P structure.} 9. O-O Bf5 10. Qb3 Qb6 11. Qxb6 axb6 12. a3
Rfc8 {(Balashov-Hellers, Malmo 1987 Inf.45/69)} 13. h3 $1 $14 {Balashov}) (8...
h6 9. Bh4 d6 10. O-O {- 8...d6}) 9. O-O (9. h3 $5 {Stohl} Qb6 10. Qb3 $11 (10.
Nc4 Qb4+ 11. Qd2 Ne4 $1 $15)) 9... Bf5 (9... h6 $1 {Black wants to eliminate
the important dark-squared B.} 10. Bh4 (10. Bxf6 {White is not lingering with
keeping the B.} Bxf6 11. Rc1 {The P chain f2-e3-d4 restricts the fianchettoed
B, and White wants to get some space on the <<.} Bd7 (11... Bf5 12. Qb3 Na5 13.
Qa3 Qb6 14. b4 Nc6 15. b5 Na5 $13 {Krivko-Fominyh, Omsk 1996}) 12. a3 {/\ b4}
a6 13. b4 Rc8 14. Qb3 b5 {Black doesn't want to lose space on the <<.} 15. Rc2
Na7 16. Rfc1 Qb6 17. Bd3 Be6 18. Qb1 Bg7 $11 {Andersson-Tkachiev, Biel 1994})
10... g5 (10... Bf5) 11. Bg3 Nh5 12. Qb3 (12. Bc4 {is not logical here.} Nxg3
13. hxg3 (13. fxg3 $6 {ruins only his own P structure.} d5 14. Bd3 f5 $1 $15 {
- Hoi-Mortensen, Taastrup 1998 CBM 65}) 13... d5 14. Bd3 $11) (12. d5 {
(Sitanggang-Iuldachev, Jakarta 1997)} Nxg3 13. hxg3 Ne5 $11 {and Black's
fianchettoed B is strong compensating the weaknesses on the >>.}) 12... e5 13.
d5 Ne7 14. e4 Nf4 15. Rfe1 Neg6 $13 {and Black has some pressure on the >>,
and the g3 B is out of play, Trifunovic-F.Olafsson, Bled 1961.}) 10. Rc1 {
This is a bit slow.} ({Crisper was} 10. Qb3 $1 {/\ d5} Na5 11. Qa3 d5 {Malaniuk
} (11... h6 $6 {allows White to keep the a5 N out of play:} 12. Bxf6 $1 Bxf6
13. d5 b5 $1 14. Nd4 Bxd4 15. exd4 Qb6 16. Qe3 $1 Kg7 17. Rfc1 Rac8 18. b3 $1
$16 {with a pathetic N on the edge of the board, Malaniuk-Kengis, Luzern 1993
Inf.59/88.})) 10... a6 {There are other possibilities as well:} (10... Rc8) (
10... Ne4 11. Nxe4 Bxe4 12. d5 Ne5 13. Nxe5 Bxe5 14. Qd2 Bf5) 11. h3 (11. d5 $5
{again was interesting:} Na7 (11... Nxd5 $2 12. e4 Bxb2 13. exd5 Bxc1 14. dxc6
Bxd2 15. cxb7 Bxg5 16. bxa8=Q Qxa8 17. Nxg5 $18) 12. Qb3 $14) 11... Rc8 12. a3
Re8 (12... Ne4 13. Nxe4 Bxe4 {simplifying the position looks stronger.}) 13.
Re1 (13. b4) (13. Bxf6 Bxf6 14. e4 Bd7) 13... h6 (13... d5 $5) 14. Bh4 g5 15.
Bg3 Bg6 16. b4 Na7 17. Qb3 Qd7 18. Nc4 (18. Bd3 Bxd3 19. Qxd3 Qb5 20. Qb3 $11)
18... Qe6 19. Nfd2 Ne4 (19... b5 20. Na5 Qxb3 21. Naxb3 Rxc1 22. Rxc1 Rc8 23.
Rxc8+ Nxc8 24. Bf3 {is a better _|_ for White, since Black's ^^ cannot defend
the <<.}) 20. Nxe4 (20. Bg4 $5 {provoking some weaknesses came into
consideration.} f5 21. Bf3 Nxg3 22. fxg3 b5 23. Nb6 Qxb3 24. Nxb3 Rxc1 25. Rxc1
$14) 20... Bxe4 21. Nd2 Qxb3 22. Nxb3 Nb5 23. Nd2 Bd5 24. Bc4 Bxc4 25. Nxc4 Rc6
26. Na5 Rxc1 27. Rxc1 Nxa3 28. Nxb7 $6 {Now White has to play carefully.} ({
Penetrating on the seventh rank by} 28. Rc7 {looks more precise.} b6 29. Nc6
Bf6 30. Ra7 $44) 28... Rb8 29. Rc7 $2 {following the wrong plan.} (29. Na5 Rxb4
30. Nc6 Rc4 31. Nxe7+ Kf8 32. Rxc4 Nxc4 33. Nd5 a5 {already gave Black a
remote o^.}) 29... Bf6 30. Rd7 {Now White's pieces lack coordination.} (30. Na5
Rxb4 31. Nc6 Rb1+ 32. Kh2 Nb5 33. Rb7 h5 34. h4 gxh4 35. Bf4) (30. Kf1 Kf8)
30... Nc2 31. Nxd6 {White sacrifices the N for two pawns, but the _|_ is very
difficult for him.} (31. Nc5 Rb6 $1 $19 ({but not} 31... Nxb4 32. Ra7 Nc6 33.
Rxa6 Rb1+ 34. Kh2 Nb8 35. Ra8 dxc5 36. Bxb8 Kg7 37. Be5)) 31... exd6 32. Rxd6
Bg7 33. Rxa6 Rxb4 $17 34. Rc6 (34. d5) 34... Rb2 35. d5 Nb4 36. Rc8+ Kh7 37. d6
Rb1+ 38. Kh2 Rd1 39. Rc4 Nd3 40. Rc7 Kg6 41. f4 gxf4 42. exf4 Bd4 $19 43. f5+
Kxf5 44. Rxf7+ Kg6 45. Rf3 Bg1+ 46. Kh1 Nf2+ 47. Bxf2 Bxf2+ 48. Kh2 Bc5 49.
Rg3+ Kf5 50. Rg8 Bxd6+ 51. g3 Rd2+ 52. Kh1 Ke4 53. Rg6 Kf3 54. Rf6+ Kxg3 55.
Rg6+ Kf3 56. Rf6+ Bf4 57. Rg6 Rh2+ 58. Kg1 Rxh3 59. Rf6 Rh5 60. Rf8 Ra5 0-1

[Event "Solin 8th"]
[Site "Solin/Split"]
[Date "2000.12.12"]
[Round "4"]
[White "Kovacevic, Vlatko"]
[Black "Tukmakov, Vladimir B"]
[Result "0-1"]
[WhiteElo "2492"]
[BlackElo "2582"]
[Annotator "Hazai,L"]
[PlyCount "84"]
[EventDate "2000.12.09"]
[EventType "tourn"]
[EventRounds "9"]
[EventCountry "CRO"]
[EventCategory "12"]
[SourceTitle "CBM 081"]
[Source "ChessBase"]
[SourceDate "2001.03.20"]
[SourceVersion "1"]
[SourceVersionDate "2001.03.20"]
[SourceQuality "1"]

1. d4 Nf6 2. Nf3 g6 3. Bg5 Bg7 4. e3 O-O 5. Be2 d6 6. O-O Qe8 {Surprisingly
enough this logical move preparing e5 and Ne4 is very rare. The main
continuations are:} (6... c5 {and}) (6... Nbd7 {/\ e5}) 7. c4 (7. Nbd2 e5) 7...
Ne4 {not allowing Nc3} 8. Bh4 e5 (8... f5 {takes a bit more risk, than
required.} 9. Nfd2 {White has to eliminate the strong centralized N.} Nxd2 10.
Qxd2 e5 11. Nc3 {The is the "normal" plan.} (11. dxe5 {giving up the [+] is
early.} dxe5 12. Nc3 Be6 13. Rad1 Nc6 14. b3 (14. Nd5 Qf7 15. b4) 14... Rf7 $13
{V.Kovacevic-Kozul, Pula 1996}) 11... exd4 (11... Nc6 12. d5 Ne7 13. e4 fxe4
14. Nxe4 Nf5 15. Bg5 $14 {and White keeps his stronghold on e4.}) 12. exd4 Nc6
13. d5 Nd4 14. Rae1 Qf7 15. Bd3 $14 {<-> e}) 9. Nbd2 Nxd2 10. Qxd2 Nc6 11. Rad1
(11. h3 $143 {is overcautious now.} h6 12. Bg3 f5 13. c5 Qf7 14. cxd6 cxd6 15.
d5 Ne7 $13 {and White's dark-squared B is entombed, V.Kovacevic-Kutuzovic,
Pula 1998.}) (11. d5 {however deserves attention creating real King's Indian
structure.} Ne7 12. e4 (12. c5 Nf5) 12... f5 13. Bd3 h6 {/\ g5} 14. Bxe7 Qxe7
15. b4 (15. Qc2 a5) 15... g5 16. Qc2 $14 {and Black's fianchettoed B has no
real perspectives.}) 11... h6 (11... e4 12. Ne1 f5 13. f4 $14 (13. f3 $14)) 12.
d5 Ne7 13. Bxe7 Qxe7 14. e4 f5 15. Qc3 (15. Bd3 {was simple.}) 15... a5 {
Black has to blockade the << first, and then try to do something on the >>.}
16. b3 Bd7 17. Nd2 (17. exf5 gxf5) 17... b6 18. a3 h5 {/\ Bh6 activating the B
on the c1-h6 /^.} 19. b4 {White wants to find some counterplay on the other
flank.} (19. exf5 {was a serious alternative.} Bxf5 (19... gxf5 {sacrifices
the P, but Black's central P formation remains flexible.} 20. Bxh5 e4 $44) 20.
Qe3 Kh7 (20... e4 21. Bf3 $1) 21. Ne4 Bh6 22. Qd3 {and White can hold >< e4.})
19... axb4 20. axb4 Bh6 {^^} 21. Bd3 Qh4 {This is a provocative move driving
the N from >< e4.} (21... Ra2 22. Bb1 Ra7 $15 {<-> a looks more to the point.})
22. Nf3 Qf6 23. Ra1 Rxa1 24. Qxa1 (24. Rxa1 fxe4 25. Bxe4 g5 26. Qc2 {can't be
that bad.}) 24... fxe4 25. Bxe4 g5 {Now Black grabs the |^ on the >>.} 26. Ne1
(26. Qb1 g4 27. Ne1 Bf5 {- 26.Ne1}) (26. Qa7 $5) 26... Bf5 27. Qb1 (27. Bxf5
Qxf5 28. Qd1 g4 29. Qe2) 27... g4 28. b5 (28. Bxf5 Qxf5 29. Qxf5 Rxf5 30. Nc2
Rf4 31. Na3 (31. Ne3 Re4 $17) 31... b5 32. Nxb5 Rxc4 $17) 28... Bd2 29. g3 $2 {
This weakens >< f3 and White loses also the last blockading square >< e4. Now
the black pieces will penetrate.} (29. Qc2 Bb4 30. Bxf5 Qxf5 31. Qxf5 Rxf5 32.
Nd3 {was still possible.}) 29... Qg6 $1 30. Bxf5 Qxf5 31. Qxf5 Rxf5 32. Kg2 Kg7
{It is not easy to find a move for White.} 33. Nc2 Rf3 34. Rd1 Bg5 35. h4 Rc3
$1 $19 {This pretty intermediate move decides the battle.} 36. Nb4 Rxc4 37. Nc6
Bc1 38. Kf1 Kf6 39. Rd3 Rc5 40. Na7 e4 41. Rd1 Bh6 42. Ke1 Kf5 0-1

[Event "Prague Sachinfo"]
[Site "Prague"]
[Date "1999.06.05"]
[Round "5"]
[White "Rogers, Ian"]
[Black "Babula, Vlastimil"]
[Result "1/2-1/2"]
[WhiteElo "2618"]
[BlackElo "2565"]
[Annotator "Hazai,L"]
[PlyCount "80"]
[EventDate "1999.05.??"]
[EventType "tourn"]
[EventRounds "6"]
[EventCountry "CZE"]
[EventCategory "15"]
[SourceTitle "CBM 072"]
[Source "ChessBase"]
[SourceDate "1999.10.01"]
[SourceVersion "1"]
[SourceVersionDate "1999.10.01"]
[SourceQuality "1"]

1. d4 Nf6 2. Nf3 g6 3. Bf4 Bg7 4. e3 O-O 5. Be2 d6 6. h3 Nbd7 7. c4 Qe8 8. Nc3
e5 9. Bh2 Qe7 10. O-O Ne8 {The N retreats to prepare f7-f5. This idea is hard
to believe, because the [+] is not closed and White can open up the position
several ways.} (10... b6 $2 {is punished quickly by the aggressive} 11. Nb5 $1
e4 12. Nd2 Ne8 13. Nxe4 $1 $18 {Gulko-Petrushin, Baku 1977}) (10... c6 $6 {
After this the blowing up of the [+] by c4-c5 is a constant threat.} 11. b4 (
11. Qc2 Re8 12. Rfd1 e4 13. Nd2 h5 {At first sight the position is similar to
the King's Indian Attack, but there the B is on c1 instead of h2, where he is
excellently placed.} 14. b4 Nf8 15. Rab1 Bf5 16. b5 Ne6 17. bxc6 bxc6 18. Nb3
Ng5 19. h4 $16 {and Black cannot continue his -> on the >>, Ristovic-Bojczuk,
Moscow 1991.}) 11... Ne8 {Black wants to defend >< d5.} (11... exd4 12. exd4 d5
13. c5 {Now the B is really strong on the h2-b8 /^.} Ne4 14. Rc1 (14. Nxe4 {
comes also into consideration, for example:} dxe4 (14... Qxe4 $2 15. Bd3 Qe6
16. Re1 Qf6 17. Bd6 $18) 15. Bd6 Qe6 (15... Qd8 16. Ne5 $16) 16. Ne1 (16. Nd2
Bxd4) (16. Ng5 Qd5) 16... Re8 17. Nc2 Nf6 18. Ne3 $14) 14... f5 15. Re1 Rf6 16.
b5 Re6 17. Bf1 h6 18. bxc6 bxc6 19. Qb3 $14 {Anastasian-Wang Zili, Beijing 1991
}) (11... b6 $6 12. c5 $1 {White can blow up Black's [+] by that way.} bxc5 13.
bxc5 dxc5 14. Nxe5 Bb7 15. Nc4 Rfd8 16. Qb3 Nb6 17. dxc5 Qxc5 18. Bc7 Rdc8 19.
Bd6 $16 {Bellon Lopez-Tal, Vulca - Trud 1984}) 12. b5 (12. Rc1 {- 10...Ne8})
12... f5 $6 {Black overestimates his chances, this move only weakens his
position, he has no real chances for the |^.} 13. bxc6 bxc6 14. Qa4 Bb7 15. c5
Kh8 16. Rab1 exd4 17. exd4 Ndf6 18. cxd6 $18 {Schmidt,K-Hjorth, Aarhus 1984}) (
10... e4 {Perhaps this idea is playable, but Black's whole setup seems to be a
bit dubious.} 11. Nd2 Re8 12. Nb5 Qd8 (12... Nf8 13. c5 $1) 13. b4 (13. c5 {
Now White is on a road from where he cannot retreat.} a6 14. cxd6 (14. Nxc7 $5
Qxc7 15. Nc4 $13 {is the other positional piece sacrifice for two pawns and an
active position.}) 14... axb5 15. dxc7 Qe7 16. Bxb5 Qb4 $1 (16... Bf8 17. Nc4
Qe6 {(Spassky-Bukic, Bugojno 1978)} 18. Qb3 $1 $16) (16... Ra5 17. a4 Rxb5 18.
axb5 Nb6 19. Qc2 Qb4 20. Qc5 Nfd5 21. Qxb4 Nxb4 22. b3 N4d5 23. Nc4 Bf8 24.
Rfd1 f6 25. Ra7 $14 {Eslon-Colas, Valencia 1992}) 17. a4 Re6 18. Qc2 Nb6 19. b3
Bf8 20. Bg3 Bd6 21. Bh4 Nbd5 22. Bc4 Re8 23. Bxf6 Nxf6 24. f3 exf3 ({but not} 
24... Be6 $2 25. Bxe6 fxe6 26. fxe4 $16 {Eslon-Gallego, San Sebastian 1984})
25. Rxf3 Bf5 26. Rxf5 gxf5 27. Qxf5 $13 {Bellon}) 13... Nf8 14. c5 a6 15. Nc3 (
15. Nxc7 $5 Qxc7 16. Nc4 $44 {is again worthy of consideration.}) 15... d5 16.
a4 h5 17. b5 N8h7 (17... a5 {looks logical keeping the << as closed as
possible.}) 18. Qb3 a5 19. c6 b6 $13 {and the << is closed, which is not bad
for Black, Pedersen-Hausner, Trnava 1985.}) (10... Re8 11. Nb5 e4 12. Nxc7 ({
If White wants to play calmly, he can transpose by} 12. Nd2 {to the 10...e4
line.}) 12... exf3 13. Bxf3 Nb6 14. Nxe8 Nxe8 15. Qe2 Be6 16. Rfc1 Rc8 17. b3
$14 {and the black knights have no real good squares, Portisch,F-Habibi,
Balatonbereny 1995.}) 11. Rc1 (11. b4 {see Villamayor-Watanabe, Yangon 1998
CBM 69.}) 11... c6 12. b4 a6 (12... f5 {is again overoptimistic:} 13. c5 dxc5
14. bxc5 Kh8 15. a4 b6 16. a5 $1 $16 {Borges Mateos-Gonzalez Garcia,
Capablanca mem-C 1993}) (12... a5 13. b5 c5 {Black wants to close the <<, but
losing the vital d5 square is a heavy price for that.} 14. Nd5 Qd8 15. Qc2 Nc7
16. dxc5 Nxd5 17. cxd5 dxc5 18. Rfd1 $16 {Bezold-Nilsson,M Stockholm 1998}) 13.
c5 (13. a4 $5 a5 14. b5) 13... d5 14. a4 (14. dxe5 {helps only for Black to
solve his problem of development.} Nxe5 15. Na4 Nxf3+ 16. Bxf3 Bf5 {and the N
is misplaced on a4, he belongs to d4.}) (14. Re1 e4 (14... Nc7 15. e4 $1) 15.
Nd2 f5 16. a4 g5 {and f2-f4 is not so strong here because of the R on e1.})
14... Nc7 (14... e4 15. Nd2 f5 16. b5 g5 {can here met by} 17. f4 exf3 18. Rxf3
) 15. b5 $1 (15. e4 {is less clear because of} dxe4 16. Nxe4 Nd5) 15... axb5
16. axb5 Ne6 17. Na4 $16 {Black is completely tied up.} Rd8 18. Bxe5 (18. bxc6
bxc6 19. Nb6 Nxb6 20. cxb6 $16 {was also promising.}) 18... Bxe5 19. dxe5 (19.
Nxe5 {runs into} Nxe5 20. dxe5 d4 $132 {with activization of the black pieces.}
) 19... Nexc5 20. Nxc5 Nxc5 21. Qc2 (21. bxc6 bxc6 22. Qc2 Ra5 23. Nd4 {
is also exciting followed by f2-f4.}) 21... Nd7 $1 22. bxc6 Nxe5 $1 {Black is
defending his inferior position very well. The o^ on c7 looks decisive, but
Black has some tactical tricks.} 23. c7 Rd6 24. Nd4 Nc6 25. Nb5 Nb4 26. Qc5 (
26. Qb2 {is not that clear after} Rb6 27. Qd4 (27. Ra1 Rba6) 27... Rc6 28. Na7
Rxc7 29. Rxc7 Qxc7 30. Nxc8 Nc6) ({but} 26. Qd2 $5 Rc6 27. Nd4 {looks OK for
White.}) 26... Re6 27. Qxe7 Rxe7 28. Ra1 Na6 29. Rfc1 Be6 30. Rxa6 $6 {This
looks very decisive at first sight, but Black can defend himself.} (30. Bg4 f5)
({Still} 30. Ra3 $1 Rc8 31. Rac3 $16 {holds the o^ c7 and the black K cannot
come easily to the <<.}) 30... bxa6 31. Nd6 Bc8 32. Rc6 $1 (32. Bg4 f5 33. Bf3
Ra7 34. Bxd5+ Kf8 35. Nxc8 Rexc7 $132 {and the o^ a is annoying.}) 32... Rd7 $1
33. f4 (33. Bg4 $6 f5 34. Bf3 Kf8 35. Bxd5 Ke7) (33. Ne8 $5 {is interesting,
but not winning after} Kf8 34. Nf6 Re7 35. Nxd5 Re6 36. Rxe6 Bxe6 37. Nb6 Ra7
38. c8=Q+ Bxc8 39. Nxc8 Ra8 40. Nb6 Ra7 $11) 33... Ra7 $6 (33... a5 $5 {
was an interesting try!}) 34. Nxc8 Raxc7 35. Rxc7 Rxc7 36. Bxa6 Kf8 37. Kf2 (
37. Nb6 $6 Rc6 38. Nd7+ Ke7 39. Bb5 Rc1+ 40. Kf2 Rb1 41. Ba4 Rb4) 37... Rc6 38.
Bb7 Rc7 39. Ba6 Rc6 40. Bb7 Rc7 1/2-1/2